000 00565nam a2200181Ia 4500
003 GCL
008 140319s9999 xx 000 0 ara d
040 _aGCL /
_cGCL
082 0 4 _a812.051
_bف م
100 1 _aفاروق اوهان
245 1 0 _aالمقامة الغجرية /
_cفاروق اوهان
260 _a[S.N] :
_bالهيئة المصرية العامة للكتاب ،
_c1994
300 _a127 ص
490 _aالمسرح العربى
_v0
650 0 4 _aالادب العربى
650 0 4 _aالمسرحيات العربية
942 _2ddc
_cBK
999 _c33311
_d33311